000 00625nam a2200205Ia 4500
003 GCL
008 140319s9999 xx 000 0 ara d
040 _aGCL /
_cGCL
082 0 4 _a843.03
_bم ل
100 1 _aذوقان قرقوط
245 1 0 _aليس فى رصيف الازهار من يجيب /
_cذوقان قرقوط
700 1 _aمالك حداد
300 _a127 ص
490 _aكتاب
_v0
650 0 4 _aالادب الفرنسى
650 0 4 _aالقصص الفرنسية
650 0 4 _aالادب الفرنسى المترجم
650 0 4 _aالقصص الفرنسية المترجمة
942 _2ddc
_cBK
999 _c41790
_d41790